000 00673nam a2200205 a 4500
005 20210219160157.0
008 080923s2000 mx r 000 0 spa d
020 _a9232012804
035 _aUPN01000160226
049 _aUNE
080 _aDO 681.84 (06) (100)=40 "1971" ACT
245 0 _aActes de la conférence internationale d'états sur la protection des phonogrammes; 1971 : Genève.
260 _aParis : UNESCO, 1975.
300 _a236 p.
500 _aIncluye índices
690 _aAcustica- Tocadiscos- Seguridad- Conferencias internacional
710 2 _aUNESCO
710 2 _aOMPI. Organización Mundial de la Propiedad Intelectual.
905 _aUNESCO
999 _c132340
_d132340